Normal view MARC view
  • English Fictior

Entry Topical Term

Number of records used in: 2

001 - CONTROL NUMBER

  • control field: 110174

003 - CONTROL NUMBER IDENTIFIER

  • control field: NUST

005 - DATE AND TIME OF LATEST TRANSACTION

  • control field: 20230313114801.0

008 - FIXED-LENGTH DATA ELEMENTS

  • fixed length control field: 230313|| aca||aabn | a|a d

040 ## - CATALOGING SOURCE

  • Original cataloging agency: NUST
  • Transcribing agency: NUST

150 ## - HEADING--TOPICAL TERM

  • Topical term or geographic name entry element: English Fictior

670 ## - SOURCE DATA FOUND

  • Source citation: Work cat.: (NUST): Risk High 110173, Nancy Drew, 2004.
© 2023 Central Library, National University of Sciences and Technology. All Rights Reserved.